Normal view
MARC view
- Supervisor:Shahzad Younis
Entry Personal Name
001 - CONTROL NUMBER
- control field: 123053
003 - CONTROL NUMBER IDENTIFIER
- control field: NUST
005 - DATE AND TIME OF LATEST TRANSACTION
- control field: 20240529121434.0
008 - FIXED-LENGTH DATA ELEMENTS
- fixed length control field: 240529|| aca||aabn | a|a d
040 ## - CATALOGING SOURCE
- Original cataloging agency: NUST
- Transcribing agency: NUST
100 ## - HEADING--PERSONAL NAME
- Personal name: Supervisor:Shahzad Younis
670 ## - SOURCE DATA FOUND
- Source citation: Work cat.: (NUST)609360: Ahmed, Mehreen 123030, RL-Based Controller of Fixed Wing UAVs for Tracking Moving Targets /
